LEADER 01300nam a2200277 i 4500 001 000000166628 003 CaOOAMICUS 005 20071114000000.0 008 071114s2007 it u000 u ita u 013 $a143997 020 $a978-88-8025-611-3 040 $aSeMil$bita 100 1 $aMozzanica, Carlo Mario.$0(OLS)http://semarc/name/44641 245 10$aCento parole di prossimità :$bsulle strade di una prossimità esigente senza distanze di sicurezza /$cCarlo Mario Mozzanica. 260 $aMilano :$bITL,$cCopyr. 2007. 260 $aMilano :$bCentro Ambrosiano,$cCopyr. 2007. 300 $a312 p. ;$c21 cm. 650 4$aSofferenza - Pastorale.$0(OLS)http://semarc/subject/19462 650 4$aProssimo - Meditazioni.$0(OLS)http://semarc/subject/31696 850 $aSeMil 852 $aSeMil$W1$xVenegono$y1$m3F III 376$j117791$B117791$CSeMilBibl$Z2$F128724 $81 961 $aOmaggio: ITL 996 $6020$a978-88-8025-611-3$9(OLS)http://semarc/number/153168 996 $6245$aCento parole di prossimità :$bsulle strade di una prossimità esigente senza distanze di sicurezza$9(OLS)http://semarc/title/238136 996 $6260$aMilano :$bCentro Ambrosiano$9(OLS)http://semarc/publisher/29766 996 $6260$aMilano :$bITL$9(OLS)http://semarc/publisher/30648 LEADER 01099nam a2200265 i 4500 001 000000096856 003 CaOOAMICUS 005 20100107000000.0 008 100107s1907 fr u000 u fre u 013 $a69098 040 $aSeMil$bita 100 1 $aBros, Albert.$0(OLS)http://semarc/name/36601 245 13$aLa religion des peuples non civilisés /$cpar A. Bros. 250 $a[2. éd.]. 260 $aParis :$bP. Lethielleux,$c1907. 300 $axxiii, 365 p. ;$c20 cm. 490 0 $aBibliothèque d'histoire des religions 650 4$aAntropologia culturale.$0(OLS)http://semarc/subject/2863 650 4$aAntropologia religiosa.$0(OLS)http://semarc/subject/2795 650 4$aReligioni primitive.$0(OLS)http://semarc/subject/72 830 0$aBibliothèque d'histoire des religions.$0(OLS)http://semarc/title/18297 850 $aSeMil 852 $aSeMil$W1$xVenegono$y1$m2X I 25$j56246$B56246$CSeMilBibl$Z2$F64457 $81 996 $6245$aLa religion des peuples non civilisés$9(OLS)http://semarc/title/119590 996 $6260$aParis :$bP. Lethielleux$9(OLS)http://semarc/publisher/32345